| 000 | 00687nam a2200217Ia 4500 | ||
|---|---|---|---|
| 003 | CO-CtgCURN | ||
| 005 | 20250410221032.0 | ||
| 008 | 190723s9999 xx 000 0 und d | ||
| 020 | _a9789586537636 | ||
| 040 |
_aCO-CtgCURN _bspa _ccoctgcurn |
||
| 082 |
_a343.052 _bM294 |
||
| 110 | _aLegis | ||
| 245 | 0 |
_aManual de Retencion en la Fuente : _b2009 / _cLegis |
|
| 260 |
_aBogotá, Colombia : _bLegis, _c2009 |
||
| 300 |
_a252 páginas ; _c26 centímetros |
||
| 521 | _aAREA PROFESIONAL | ||
| 590 | _aPrograma de Derecho_18 | ||
| 650 | _aImpuestos de renta | ||
| 942 |
_cBK _h343.052 _iM294 _2ddc _n0 |
||
| 999 |
_c28591 _d28591 |
||